| 000 | 00451cam a2200169ua 4500 | ||
|---|---|---|---|
| 020 | _c45 | ||
| 041 |
_aeng _h |
||
| 082 |
_a658.404 _bLIT/PR |
||
| 100 | _aLittle , I M D . | ||
| 245 |
_aProject appraisal and planning for developing countries / _cI M D Little. _hTextual Documents |
||
| 260 |
_aNew Delhi : _bOxford & IBH Publishing company , _c1974. |
||
| 300 | _a388 ; . | ||
| 365 | _a45 | ||
| 504 | _a | ||
| 942 | _cBK | ||
| 999 |
_c2860 _d2860 |
||